000 00524nam a2200193Ia 4500
005 20250508162941.0
008 008 250505s9999 xx 000 0 eng d
020 _a81-7041-671-X
037 _aTextual
040 _aFEDL
_beng
_cFEDL
041 _aeng
_2eng
084 _a540.7, YAD
_qFEDL
100 _aYadav M S
_9416039
245 0 _aTeaching of chemistry
260 _aNew Delhi, India
_bAnmol Publications
_c1993
300 _aviii,249p
942 _cTEXL
_h540.7, YAD
999 _c1379603
_d1379603